书目信息 |
| 题名: |
幼儿园游戏与指导
|
|
| 作者: | 刘焱 编著 | |
| 分册: | ||
| 出版信息: | 北京 高等教育出版社 2012 |
|
| 页数: | 355页 | |
| 开本: | 21cm | |
| 丛书名: | 实践取向型学前教育专业精品教材 | |
| 单 册: | ||
| 中图分类: | G613.7 | |
| 科图分类: | ||
| 主题词: | 游戏课--You Xi Ke--幼儿师范学校--教材 | |
| 电子资源: | ||
| ISBN: | 978-7-04-035562-8 | |
| 000 | 01007nam0 2200277 450 | |
| 001 | 012001005345 | |
| 005 | 20131111165220.0 | |
| 010 | @a978-7-04-035562-8@dCNY38.00 | |
| 099 | @aCAL 012012265246 | |
| 100 | @a20121024d2012 ekmy0chiy50 ea | |
| 101 | 0 | @achi |
| 102 | @aCN@b110000 | |
| 105 | @aa a 000yy | |
| 106 | @ar | |
| 200 | 1 | @a幼儿园游戏与指导@AYou Er Yuan You Xi Yu Zhi Dao@f刘焱编著 |
| 210 | @a北京@c高等教育出版社@d2012 | |
| 215 | @a355页@c图@d21cm | |
| 225 | 2 | @a实践取向型学前教育专业精品教材@AShi Jian Qu Xiang Xing Xue Qian Jiao Yu Zhuan Ye Jing Pin Jiao Cai |
| 320 | @a有书目 ( 第353-355页) | |
| 330 | @a本书分别讲述了幼儿游戏概述、幼儿园游戏与教育、区域游戏活动、户外游戏活动、非游戏活动游戏化、玩具与游戏材料的选择、游戏活动的观察等。 | |
| 410 | 0 | @12001@a实践取向型学前教育专业精品教材 |
| 606 | 0 | @a游戏课@AYou Xi Ke@x幼儿师范学校@j教材 |
| 690 | @aG613.7@v4 | |
| 701 | 0 | @a刘焱@ALiu Yan@4编著 |
| 801 | 2 | @aCN@b江苏凤凰@c20191020 |
| 905 | @b1213251-4@dG613.7@e1009@f4 | |
| 幼儿园游戏与指导/刘焱编著.-北京:高等教育出版社,2012 |
| 355页:图;21cm.-(实践取向型学前教育专业精品教材) |
| ISBN 978-7-04-035562-8:CNY38.00 |
| 本书分别讲述了幼儿游戏概述、幼儿园游戏与教育、区域游戏活动、户外游戏活动、非游戏活动游戏化、玩具与游戏材料的选择、游戏活动的观察等。 |
| ● |
| 相关链接 |
|
|
|
|
正题名:幼儿园游戏与指导
索取号:G613.7/1009
 
预约/预借
| 序号 | 登录号 | 条形码 | 馆藏地/架位号 | 状态 | 备注 |
| 1 | 1213251 | 212132510 | 第一样本阅览室/ [索取号:G613.7/1009] | 在馆 | |
| 2 | 1213252 | 212132529 | 教育系资料室/ [索取号:G613.7/1009] | 在馆 | |
| 3 | 1213253 | 212132538 | 教育系资料室/ [索取号:G613.7/1009] | 在馆 | |
| 4 | 1213254 | 212132547 | 第四借阅区/ [索取号:G613.7/1009] | 在馆 |